000 00918nam a2200289 a 4500
001 000108424
003 CHAP
005 20220329144012.0
008 140211s2013 mx a |r| |||1|||spa|d
010 _a104886
011 _a105858
020 _a9786071202598
040 _cCHAP
082 0 4 _a300.72
_bL79
100 0 0 _aLlanos Hernández, Luis.
_967265
245 1 0 _aMetodología y enfoques interdisciplinarios de investigación en las ciencias sociales /
_cpor Luis Llanos Hernández.
260 3 _aChapingo, Méx. :
_bUniversidad Autónoma Chapingo,
_c2013.
300 _a293 p. :
_bil.
504 _aIncluye: Bibliografias y referencias
590 _aE5765TAJ
_b05
_c20180319
_lUCH01
_h0943
590 _aE792CSJ
_b05
_c20140211
_lUCH01
_h1121
650 1 4 _aCiencias sociales
_xInvestigación.
_923226
650 1 4 _aCiencias sociales
_xMetodología.
_923230
901 _aBK
942 _cLIBRO
942 _n0
999 _c104886
_d104886